|
|
|
|
| LEADER |
00000naa2a2200000 4500 |
| 001 |
158061 |
| 005 |
20231031154226.0 |
| 035 |
|
|
|a (RuTPU)RU\TPU\book\171440
|
| 090 |
|
|
|a 158061
|
| 100 |
|
|
|a 20090417d2008 k y0rusy50 ca
|
| 101 |
0 |
|
|a rus
|
| 102 |
|
|
|a RU
|
| 200 |
1 |
|
|a Возможности повышения эффективности алмазного инструмента методом ионной имплантации
|f Т. В. Некрасова
|
| 320 |
|
|
|a Библиогр.: 4 назв.
|
| 463 |
|
0 |
|0 (RuTPU)RU\TPU\book\164780
|t Современные проблемы машиностроения
|o труды IV Международной научно-технической конференции, 26-28 ноября 2008 г., Томск
|f Томский политехнический университет (ТПУ)
|v С. 542-544
|d 2008
|p 666 с.
|
| 610 |
1 |
|
|a алмазный инструмент
|
| 610 |
1 |
|
|a ионная имплантация
|
| 610 |
1 |
|
|a метод ионной имплантации
|
| 610 |
1 |
|
|a цветные металлы
|
| 610 |
1 |
|
|a обработка
|
| 610 |
1 |
|
|a качество
|
| 610 |
1 |
|
|a режущие интрументы
|
| 610 |
1 |
|
|a труды учёных ТПУ
|
| 700 |
|
1 |
|a Некрасова
|b Т. В.
|
| 801 |
|
1 |
|a RU
|b 63413507
|c 20090417
|g PSBO
|
| 942 |
|
|
|c BK
|